000 00832nam a2200229Ia 4500
003 IN-BaIIA
008 211028s9999 xx 000 0 eng d
020 _a3-7643-2278-0
040 _cIIA Library
080 _a517.958
_bSAM
100 _aSamarskii, Aleksandr
_919364
245 0 _aNumerical methods for grid equations
_bvol. II, iterative methods, translated from the Russian by Siephen G. Nash
_cAleksandr Samarskii and Evgenii S. Nikolaev
260 _aGermany
_bBirkhauser-Verlag
_c1989
300 _axv, 502p
650 _aAstronomy and Astrophysics Thesaurus
650 _aDifferential Equations
_91510
650 _aFinite Differences
_917124
650 _aMathematical Physics
_91525
650 _aNumerical Methods
_95657
700 _aNikolaev, Evgenii S.
_919365
942 _cBK
999 _c11294
_d11294